000 00556nam a22001937a 4500
003 OSt
005 20140310181935.0
008 130723t xxu||||| |||| 00| 0 eng d
050 _aPN 3437
_b.T647 1996
082 _aCLA T57l
_b1996
245 _aThe lost road and other writings :
_blanguage and legend before the Lord of the Rings /
_cJ. R. R. Tolkien
260 _aNew York :
_bBallatine Books,
_cc1987.
300 _a503 p. ;
_b20 cm.
521 _aFaculty.
541 _j1
541 _j2
562 _e2
942 _2lcc
_cBBK
_kCLA
999 _c7528
_d7528